000 00692nam a2200217 4500
003 St Aloysius Coll
005 20260418165350.0
008 260417b |||||||| |||| 00| 0 eng d
020 _a9788198548696
040 _cAL
041 _aEnglish
082 _a658.421
_bHANG
100 _aBasil Hans V
_9262152
245 _aGrit to greatness
_b: overcoming obstacles on the entrepreneurial journey
260 _aGhaziabad
_bP&P Academy
_c2025
300 _aiv,140p.
_bPB
_c21x13.5cm
365 _2General
520 _aThe mindset of grit; Overcoming challenges; Strategies for Success; Stories of grit and greatness
650 _2Technology
_aManagement
_9262153
942 _2ddc
_cBK
999 _c241294
_d241294